000 00649nam a2200229 i 4500
001 C2-0169003
003 PPAK
005 20180728091558.0
008 980722s at a|||| ||||| | eng d
040 _aPPAK
_beng
_cPPAK
_erda
082 0 4 _a940.54092
_2 23
090 0 0 _a940.54092
_bPOO
_dR
100 1 _aPoole, Philippa,
_eauthor
245 1 0 _aOf love and war
264 1 _aSydney :
_bLansdowne Press ,
_c[date of publication not identified]
300 _a280 pages :
_billustrations ;
_c27 cm
336 _2rdacontent
_atext
337 _2rdamedia
_aunmediated
338 _2rdacarrier
_avolume
650 1 0 _aLove and war
942 _ddc
_cB
999 _c153068
_d153068